City Flags: US Edition - Statistics

General Stats
  • This quiz has been taken 26 times
  • The average score is 9 of 20
Answer Stats
Picture Answer % Correct
Chicago
86%
Washington, DC
81%
New Orleans
67%
St. Louis
67%
Denver
62%
Baltimore
57%
Portland, Oregon
57%
Indianapolis
52%
San Antonio
52%
Mesa, Arizona
43%
Charlotte
38%
Orlando
38%
Minneapolis
33%
Corpus Christi
29%
Des Moines
29%
Durham
29%
Wichita
29%
Jackson
24%
Madison
24%
Colorado Springs
19%
No matching quizzes found
Score Distribution
Percent of People with Each Score
Percentile by Number Answered
Your Score History
You have not taken this quiz